000
00343cam a2200145ua 4500
041
_a
mal
_h
082
_a
894.812803
_b
PAU/MP
100
_a
Paul, M P .
245
_a
M P Paul /
_c
Paul M P.
_h
Textual Documents
260
_a
Kottayam :
_b
National Book Stall ,
_c
1961.
300
_a
119 ; .
504
_a
942
_c
BK
999
_c
4861
_d
4861